| 000 | 03775nam a2200397 a 4500 | ||
|---|---|---|---|
| 001 | ebr10301318 | ||
| 003 | CaPaEBR | ||
| 006 | m u | ||
| 007 | cr cn||||||||| | ||
| 008 | 071121s2008 maua sb 001 0 eng | ||
| 010 | _z 2007048187 | ||
| 016 | 7 |
_z101321581 _2DNLM |
|
| 020 | _z9781405177399 | ||
| 020 | _z140517739X | ||
| 040 |
_aCaPaEBR _cCaPaEBR |
||
| 035 | _a(OCoLC)317698198 | ||
| 050 | 1 | 4 |
_aRC685.C53 _bC34 2008eb |
| 082 | 0 | 4 |
_a617.4/120645 _222 |
| 245 | 0 | 0 |
_aCardiac resynchronization therapy _h[electronic resource] / _cedited by Cheuk-Man Yu, David L. Hayes, Angelo Auricchio. |
| 250 | _a2nd ed. | ||
| 260 |
_aMalden, Mass. : _bBlackwell Futura, _c2008. |
||
| 300 |
_axii, 444 p. : _bill. (some col.). |
||
| 504 | _aIncludes bibliographical references and index. | ||
| 505 | 0 | _aThe epidemiology of heart failure and commonly associated conduction disorders / Maren E. Jeffery & Mariell Jessup -- Comprehensive pharmacologic management strategies for heart failure / Garrie J. Haas & William T. Abraham -- Electrical activation sequence / Cecilia Fantoni & Angelo Auricchio -- Myocardial mechano-energetics / Tammo Delhaas & Frits W. Prinzen -- Assessment of electrical and mechanical dyssynchrony: conventional echocardiography / Ole-A. Breithardt -- Newer echocardiographic techniques for the assessment of cardiac resynchronization therapy / Cheuk-Man Yu & Qing Zhang -- Value of non-echocardiographic imaging techniques in cardiac resynchronization therapy / Claudia Ypenburg ... [et al.] -- Programming and diagnostic features of cardiac resynchronization therapy devices / David Luria, Osnat Gurevitz & Michael Glikson -- Anatomy of the coronary sinus / Samuel J. Asirvatham -- | |
| 505 | 0 | _aTechniques for visualizing the coronary sinus and coronary venous anatomy / Jagmeet P. Singh & Angelo Auricchio -- Implantation techniques for cardiac resynchronization therapy / Michael O. Sweeney -- Surgical approaches to epicardial left ventricular lead implantation for biventricular pacing / Sandhya K. Balaram, Joseph J. DeRose Jr & Jonathan S. Steinberg -- Remote navigation implantation technique / Carlo Pappone & Vincenzo Santinelli -- Clinical trials supporting current indications for CRT / David L. Hayes & William T. Abraham -- Trials of CRT in atrial fibrillation and atrial rhythm management issues / Maurizio Gasparini & Fran�cois Regoli -- Ongoing trials to further shape the future of CRT / David L. Hayes & Cheuk-Man Yu -- Consideration of CRT in the pediatric population / Anne M. Dubin -- Importance of the surface electrocardiogram for the assessment of cardiac resynchronization / S. Serge Barold, Michael C. Giudici & Bengt Herweg -- Troubleshooting / Christophe Leclercq, Philippe Mabo & J. Claude Daubert -- Optimization of cardiac resynchronization therapy / Jeffrey Wing-Hong Fung, Stephane Garrigue & Cheuk-Man Yu -- Management strategies for patients not responding to CRT / John P. Boehmer -- Device-based monitoring and lung impedance / Jeffrey Wing-Hong Fung, Philip B. Adamson & Cheuk-Man Yu -- Device-based patient management / Maria Rosa Costanzo & Salpy Pamboukian -- Health economics / Francisco Leyva. | |
| 533 |
_aElectronic reproduction. _bPalo Alto, Calif. : _cebrary, _d2013. _nAvailable via World Wide Web. _nAccess may be limited to ebrary affiliated libraries. |
||
| 650 | 0 | _aCardiac pacing. | |
| 650 | 0 | _aCongestive heart failure. | |
| 650 | 0 | _aImplantable cardioverter-defibrillators. | |
| 655 | 7 |
_aElectronic books. _2local |
|
| 700 | 1 | _aYu, Cheuk-Man. | |
| 700 | 1 | _aHayes, David L. | |
| 700 | 1 | _aAuricchio, Angelo. | |
| 710 | 2 | _aebrary, Inc. | |
| 856 | 4 | 0 |
_uhttp://site.ebrary.com/lib/rucke/Doc?id=10301318 _zAn electronic book accessible through the World Wide Web; click to view |
| 999 |
_c67493 _d67493 |
||